| 000 | 00367nam a22001337a 4500 | ||
|---|---|---|---|
| 008 | 250422b |||||||| |||| 00| 0 eng d | ||
| 020 | _a978129470 | ||
| 050 |
_aJQ 3080 _b.A33 |
||
| 100 | _aAdamolelton Ladipo | ||
| 245 | _aNigerian public administration 1960-80 perspective and prospect | ||
| 260 |
_aIbadan _bAfrican press Ltd. _c1985 |
||
| 300 | _a402p. | ||
| 942 | _cBK | ||
| 999 |
_c3063 _d3063 |
||